Top 10 Countries with the Most Turkeys - Statistics

General Stats
  • This quiz has been taken 670 times
  • The average score is 6 of 10
Answer Stats
# Turkeys Country % Correct
237.5 mil United States
98%
11.5 mil Germany
82%
18.5 mil France
80%
20 mil Russia
78%
28.9 mil Brazil
70%
24.5 mil Italy
67%
9.44 mil Poland
57%
32 mil Chile
34%
10 mil Morocco
11%
8.9 mil Tunisia
7%
No matching quizzes found
Score Distribution
Percent of People with Each Score
Percentile by Number Answered
Your Score History
You have not taken this quiz